Textbook of Educational Technology/Nursing Education (Record no. 1790)

MARC details
000 -LEADER
Fixed length control field 00576nam a22001937a 4500
003 - CONTROL NUMBER IDENTIFIER
Control field IIN
005 - DATE AND TIME OF LATEST TRANSACTION
Control field 20250502113854.0
008 - FIXED-LENGTH DATA ELEMENTS--GENERAL INFORMATION
Fixed length control field 250502s2023 |||ad||| |||| 001 0 eng d
020 ## - INTERNATIONAL STANDARD BOOK NUMBER / ISBN
International Standard Book Number 9789392242915
Price Rs.575.00
040 ## - CATALOGING SOURCE
Original cataloging agency IIN
082 ## - DEWEY DECIMAL CLASSIFICATION NUMBER
Classification number 610.73071
Book Number BAL
100 ## - MAIN ENTRY--PERSONAL NAME
Personal name Balasubramanian, N.
245 ## - TITLE STATEMENT
Title Textbook of Educational Technology/Nursing Education
Sub title for BSc. Nursing Students (Semester V)/
Statement of responsibility N. Balasubhramanian
260 ## - IMPRINT
Place of publication Punjab
Name of publisher VHS
Date of publication 2023
300 ## - PHYSICAL DESCRIPTION
Page / Vol. No xv, 392 p.
Other physical details ill.
500 ## - GENERAL NOTE
General note Includes Index
650 ## - SUBJECT ADDED ENTRY--TOPICAL TERM
Topical term Education
Form subdivision Technology
General subdivision Nursing
942 ## - ADDED ENTRY ELEMENTS (KOHA)
Koha item type Books
Holdings
Withdrawn status Lost status Source of classification Damaged status Not for loan Collection code Home library Current library Shelving location Date acquired Price Total Checkouts Call number Accession number Date last seen Price effective from Koha item type
    Dewey Decimal Classification     Purches Book IDEAL INSTITUTE OF NURSING IDEAL INSTITUTE OF NURSING General Stacks 11/03/2025 575.00   610.73071 BAL 1969 02/05/2025 02/05/2025 Books
© Ideal Institute Of Nursing, All rights reserved.         Powered by Koha